[Event "Heusenstamm Sparkassen op-A 9th"]
[Site "Heusenstamm"]
[Date "2023.11.26"]
[Round "6"]
[White "Lotz, Ralf"]
[Black "Roess, Jonas"]
[Result "0-1"]
[WhiteElo "1872"]
[BlackElo "1588"]
[PlyCount "79"]
[EventDate "2023.11.23"]
[EventType "swiss"]
[EventRounds "7"]
[EventCountry "GER"]
[SourceTitle "CBM 217 Extra"]
[Source "ChessBase"]
[SourceDate "2024.01.31"]
[SourceVersion "1"]
[SourceVersionDate "2024.01.31"]
[SourceQuality "1"]

1. d4 d5 2. Nf3 Nf6 3. g3 c6 4. Bg2 Bf5 5. 0-0 h6 6. c4 e6 7. Nc3 Bd6 8. cxd5 exd5 9. Bf4 Bxf4 10. gxf4 Qd6 11. e3 g5 12. Ne2 gxf4 13. Nxf4 Nbd7 14. Qa4 Rg8 15. Kh1 Ne4 16. b4 Nb6 17. Qb3 Bg4 18. Ne5 Nd2 19. Qc2 Nxf1 20. Rxf1 Be6 21. Qh7 0-0-0 22. b5 cxb5 23. Nxe6 Qxe6 24. Qd3 f6 25. e4 fxe5 26. Bh3 Rg4 27. f3 h5 28. fxg4 hxg4 29. Bg2 exd4 30. Qxd4 dxe4 31. Qc5+ Kb8 32. Qxb5 e3 33. Qg5 Rg8 34. Qf4+ Ka8 35. Qc7 Nd5 36. Qc5 e2 37. Rf8+ Qe8 38. Rxe8+ Rxe8 39. Bxd5 e1Q+ 40. Kg2 0-1

[Event "Heusenstamm Sparkassen op-A 9th"]
[Site "Heusenstamm"]
[Date "2023.11.23"]
[Round "1"]
[White "Kleibel, Uwe"]
[Black "Lotz, Ralf"]
[Result "1-0"]
[WhiteElo "2308"]
[BlackElo "1872"]
[PlyCount "193"]
[EventDate "2023.11.23"]
[EventType "swiss"]
[EventRounds "7"]
[EventCountry "GER"]
[SourceTitle "CBM 217 Extra"]
[Source "ChessBase"]
[SourceDate "2024.01.31"]
[SourceVersion "1"]
[SourceVersionDate "2024.01.31"]
[SourceQuality "1"]

1. d4 Nf6 2. Nf3 d5 3. Bf4 g6 4. e3 Bg7 5. Nbd2 Bg4 6. c3 c6 7. h3 Bxf3 8. Nxf3 Nbd7 9. Be2 0-0 10. 0-0 Re8 11. Bh2 Ne4 12. a4 e5 13. a5 a6 14. Qb3 Nd6 15. Rfe1 h6 16. Bf1 Kh7 17. Red1 Qe7 18. dxe5 Nxe5 19. Nxe5 Bxe5 20. Bxe5 Qxe5 21. c4 dxc4 22. Bxc4 Nxc4 23. Qxc4 Re7 24. Rd4 Kg7 25. b4 Rc8 26. Rad1 Rcc7 27. Qd3 Qb5 28. Qc3 Qe5 29. Qd2 Qf5 30. Rd8 Qe6 31. Qd4+ Qe5 32. Qa7 Re8 33. Rxe8 Qxe8 34. Qd4+ f6 35. h4 h5 36. f4 Re7 37. Kf2 Qf7 38. Qd8 Qe6 39. Rd3 Qa2+ 40. Kf3 Qe6 41. Kf2 Qa2+ 42. Kg3 Qe6 43. Kh2 Rf7 44. g3 Qa2+ 45. Rd2 Qe6 46. Qd4 Re7 47. Kg2 Kf7 48. Kf2 Qh3 49. Qc4+ Kg7 50. Qf1 Qe6 51. Qe2 Qh3 52. Qf3 Qe6 53. Rd4 Qa2+ 54. Qe2 Qe6 55. e4 Qb3 56. Qd2 Qe6 57. Kg2 Qg4 58. Qd3 Qe6 59. Rd6 Qg4 60. Kh2 Rf7 61. Rd8 Qe6 62. Rd6 Qa2+ 63. Kh3 Qa1 64. Kg2 Qb2+ 65. Qd2 Qb1 66. Qd4 Qc2+ 67. Kf3 Qb3+ 68. Qd3 Qxb4 69. e5 Qe1 70. exf6+ Rxf6 71. Rxf6 Kxf6 72. Qd8+ Qe7 73. Qh8+ Kf5 74. Qc8+ Kf6 75. Qh8+ Ke6 76. Qg8+ Qf7 77. Qc8+ Kd6 78. Qd8+ Kc5 79. Qb6+ Kc4 80. Kf2 Qd7 81. Kg2 Qd2+ 82. Kh3 Qd4 83. Qxb7 Qd5 84. Qxa6+ Kc3 85. Qf1 c5 86. a6 c4 87. Qa1+ Kd2 88. Qb2+ Kd3 89. Qb7 Qe6+ 90. Kh2 Qe2+ 91. Qg2 Qe7 92. Qd5+ Kc2 93. Qxc4+ Kd1 94. Qd4+ Kc2 95. Qf2+ Kb1 96. a7 Qb7 97. Qg1+ 1-0

[Event "Heusenstamm Sparkassen op 8th"]
[Site "Heusenstamm"]
[Date "2022.11.20"]
[Round "6"]
[White "Griesfeller, Sven"]
[Black "Lotz, Ralf"]
[Result "1/2-1/2"]
[WhiteElo "1534"]
[BlackElo "1890"]
[PlyCount "37"]
[EventDate "2022.11.17"]
[EventType "swiss"]
[EventRounds "7"]
[EventCountry "GER"]
[SourceTitle "CBM 212 Extra"]
[Source "ChessBase"]
[SourceDate "2023.03.31"]
[SourceVersion "1"]
[SourceVersionDate "2023.03.31"]
[SourceQuality "1"]

1. d4 Nf6 2. c4 c6 3. Nc3 d5 4. Nf3 Bf5 5. e3 e6 6. Be2 Bd6 7. 0-0 Nbd7 8. b3 0-0 9. Nh4 Ne4 10. Nxe4 dxe4 11. Nxf5 exf5 12. Bb2 f4 13. d5 Nf6 14. exf4 Bxf4 15. dxc6 bxc6 16. Qxd8 Raxd8 17. Bxf6 gxf6 18. Rfd1 Be5 19. Rxd8 1/2-1/2

[Event "Heusenstamm Sparkassen op 8th"]
[Site "Heusenstamm"]
[Date "2022.11.18"]
[Round "3"]
[White "Lotz, Ralf"]
[Black "Siegert, Gregor"]
[Result "0-1"]
[WhiteElo "1890"]
[BlackElo "1891"]
[PlyCount "92"]
[EventDate "2022.11.17"]
[EventType "swiss"]
[EventRounds "7"]
[EventCountry "GER"]
[SourceTitle "CBM 212 Extra"]
[Source "ChessBase"]
[SourceDate "2023.03.31"]
[SourceVersion "1"]
[SourceVersionDate "2023.03.31"]
[SourceQuality "1"]

1. d4 d5 2. Nf3 Nf6 3. c4 c6 4. e3 e6 5. Nc3 Nbd7 6. Bd3 dxc4 7. Bxc4 b5 8. Bd3 a6 9. 0-0 c5 10. b3 Bb7 11. dxc5 Nxc5 12. Be2 Qb6 13. Bb2 Rd8 14. Qc2 Rc8 15. Qd1 Be7 16. Rc1 0-0 17. b4 Ncd7 18. Qb3 e5 19. Rfd1 Rfd8 20. a3 h6 21. h3 Bf8 22. Rd2 e4 23. Nd4 Ne5 24. Rcd1 Nc4 25. Bxc4 Rxc4 26. Nf5 Rxd2 27. Rxd2 Qe6 28. Nd4 Qe5 29. Nce2 Qg5 30. Rc2 Bd5 31. Rxc4 Bxc4 32. Qc2 Bd6 33. Nb3 Qd5 34. Ned4 Qe5 35. Nf3 Qe6 36. Nfd4 Qe5 37. Nf3 Qd5 38. Nfd4 Nd7 39. Nd2 Nf6 40. N2b3 h5 41. Nd2 Bc7 42. Nxc4 bxc4 43. Ne2 Qd3 44. Nd4 Be5 45. Qc1 Nd5 46. g3 c3 0-1

[Event "Heusenstamm Sparkassen op-A 6th"]
[Site "Heusenstamm"]
[Date "2019.11.23"]
[Round "4"]
[White "Lotz, Ralf"]
[Black "Maehrlein, Christoph"]
[Result "0-1"]
[WhiteElo "1882"]
[BlackElo "2053"]
[PlyCount "64"]
[EventDate "2019.11.21"]
[EventType "swiss"]
[EventRounds "7"]
[EventCountry "GER"]
[SourceTitle "CBM 194 Extra"]
[Source "ChessBase"]
[SourceDate "2020.03.31"]
[SourceVersion "1"]
[SourceVersionDate "2020.03.31"]
[SourceQuality "1"]

1. c4 e6 2. Nf3 d5 3. b3 c5 4. e3 Nc6 5. Bb2 d4 6. exd4 cxd4 7. d3 e5 8. Nbd2 Be7 9. Be2 Nf6 10. 0-0 0-0 11. a3 a5 12. Ne1 Bf5 13. f3 Bg6 14. f4 exf4 15. Rxf4 Bd6 16. Rf1 Qc7 17. g3 Rfe8 18. Ng2 Re7 19. Nf3 Rae8 20. Re1 Ng4 21. Nxd4 Bc5 22. Bxg4 Rxe1+ 23. Nxe1 Nxd4 24. Kg2 Rxe1 25. Qxe1 Qc6+ 26. Kh3 h5 27. Bd1 Bf5+ 28. g4 hxg4+ 29. Kg3 Nf3 30. Qh1 Qd6+ 31. Kg2 Qxd3 32. Qf1 Nh4+ 0-1

[Event "Heusenstamm Sparkassen op-A 5th"]
[Site "Heusenstamm"]
[Date "2018.11.23"]
[Round "3"]
[White "Lotz, Ralf"]
[Black "Stuemer, Paul"]
[Result "0-1"]
[WhiteElo "1907"]
[BlackElo "2074"]
[PlyCount "92"]
[EventDate "2018.11.22"]
[EventType "swiss"]
[EventRounds "7"]
[EventCountry "GER"]
[SourceTitle "CBM 188 Extra"]
[Source "ChessBase"]
[SourceDate "2019.02.28"]
[SourceVersion "1"]
[SourceVersionDate "2019.02.28"]
[SourceQuality "1"]

1. d4 Nf6 2. Nf3 g6 3. c4 Bg7 4. Nc3 0-0 5. g3 d6 6. Bg2 a6 7. 0-0 Nc6 8. a3 Rb8 9. b4 Bd7 10. Bb2 Re8 11. Qd2 Qc8 12. Rfd1 Bh3 13. Bh1 h6 14. Rac1 e5 15. dxe5 dxe5 16. e4 Qg4 17. Qe3 Rbd8 18. Rxd8 Rxd8 19. Nd5 Nxe4 20. Nxe5 Nxe5 21. Bxe5 Bxe5 22. Qxe4 Qxe4 23. Bxe4 c6 24. Nf4 Bxf4 25. gxf4 Rd4 26. Bg2 Be6 27. b5 Rxf4 28. bxa6 bxa6 29. c5 Rg4 30. h3 Rg5 31. f4 Rg3 32. Kf2 Rxa3 33. Bxc6 Kf8 34. Bb7 Ra4 35. Ke3 Ke7 36. Rd1 Rc4 37. c6 a5 38. h4 a4 39. Kf3 g5 40. hxg5 hxg5 41. Ke3 Rxf4 42. Rc1 Rc4 43. Rd1 f5 44. Kf2 a3 45. Kg1 a2 46. Kf2 Rb4 0-1

[Event "Heusenstamm Sparkassen op-A 3rd"]
[Site "Heusenstamm"]
[Date "2016.11.27"]
[Round "5"]
[White "Lotz, Ralf"]
[Black "Marzahn, Heiko"]
[Result "0-1"]
[WhiteElo "1900"]
[BlackElo "2059"]
[PlyCount "126"]
[EventDate "2016.11.24"]
[EventType "swiss"]
[EventRounds "7"]
[EventCountry "GER"]
[SourceTitle "EXT 2018"]
[Source "ChessBase"]
[SourceDate "2017.10.13"]
[SourceVersion "1"]
[SourceVersionDate "2017.10.13"]
[SourceQuality "1"]

1. d4 f5 2. g3 Nf6 3. Bg2 e6 4. Nc3 Bb4 5. a3 Bxc3+ 6. bxc3 0-0 7. Rb1 Nc6 8. Nf3 Rb8 9. c4 d6 10. 0-0 e5 11. dxe5 dxe5 12. Ng5 Qe8 13. Bd5+ Kh8 14. a4 Nxd5 15. cxd5 Nd8 16. c4 Bd7 17. a5 f4 18. Bb2 Qh5 19. Nf3 Nf7 20. Kh1 Bf5 21. Rc1 Be4 22. Kg1 Qh3 23. c5 Rbd8 24. d6 cxd6 25. cxd6 Rxd6 26. Qa4 Bxf3 27. exf3 Rh6 28. Rfd1 Qxh2+ 29. Kf1 fxg3 30. fxg3 Qxb2 31. Rc2 b5 32. Rxb2 bxa4 33. Rb7 Rh1+ 34. Ke2 Rxd1 35. Kxd1 Rc8 36. Rb4 h6 37. Rxa4 Rc5 38. a6 Rc6 39. Kd2 Ng5 40. Ra3 Ne6 41. Ke3 Nc7 42. Ke4 Rxa6 43. Rc3 Nb5 44. Rc8+ Kh7 45. Kxe5 Rf6 46. f4 Rg6 47. Rb8 a6 48. Ra8 Rxg3 49. Rxa6 Nc7 50. Ra7 Ne8 51. f5 Nf6 52. Kf4 Rg4+ 53. Ke5 h5 54. Ra3 h4 55. Rh3 Kh6 56. Ke6 Kg5 57. Ra3 Rg3 58. Ra7 Kh6 59. Kf7 Rg5 60. Ke6 h3 61. Ra1 h2 62. Rh1 Rh5 63. Ke5 Ng4+ 0-1

[Event "Heusenstamm Sparkassen op-A 2nd"]
[Site "Heusenstamm"]
[Date "2015.11.28"]
[Round "4"]
[White "Hinrichs, Hans Uwe"]
[Black "Lotz, Ralf"]
[Result "1-0"]
[WhiteElo "2167"]
[BlackElo "1904"]
[PlyCount "91"]
[EventDate "2015.11.26"]
[EventType "swiss"]
[EventRounds "7"]
[EventCountry "GER"]
[SourceTitle "EXT 2018"]
[Source "ChessBase"]
[SourceDate "2017.10.13"]
[SourceVersion "1"]
[SourceVersionDate "2017.10.13"]
[SourceQuality "1"]

1. Nc3 d5 2. e4 dxe4 3. Nxe4 Nf6 4. Nxf6+ exf6 5. Bc4 Qd4 6. d3 Qg4 7. Qxg4 Bxg4 8. Bf4 Bd6 9. Bxd6 cxd6 10. Bd5 Nc6 11. c3 0-0 12. Kd2 Rfe8 13. d4 Re7 14. Bf3 h5 15. h3 Bxf3 16. Nxf3 Rae8 17. Rhe1 g5 18. b3 Kg7 19. Rxe7 Rxe7 20. Re1 Rxe1 21. Nxe1 f5 22. Nd3 Kf6 23. f4 g4 24. h4 Ke6 25. Ke3 Ne7 26. c4 Ng6 27. g3 Nf8 28. Nb4 Nd7 29. Nd5 Nf8 30. Kd3 Nd7 31. b4 Nf8 32. Kc3 Nd7 33. Kb3 Nf8 34. Ka4 Nd7 35. Kb5 Nb8 36. Ne3 Nd7 37. a4 Nb8 38. a5 Kf6 39. d5 Na6 40. c5 Nc7+ 41. Kc4 Ne8 42. c6 bxc6 43. dxc6 Nc7 44. Nd5+ Nxd5 45. Kxd5 Ke7 46. b5 1-0

[Event "Heusenstamm Sparkassen op-A 2nd"]
[Site "Heusenstamm"]
[Date "2015.11.27"]
[Round "2"]
[White "Bjoerknes, Uwe"]
[Black "Lotz, Ralf"]
[Result "1/2-1/2"]
[WhiteElo "1964"]
[BlackElo "1904"]
[PlyCount "39"]
[EventDate "2015.11.26"]
[EventType "swiss"]
[EventRounds "7"]
[EventCountry "GER"]
[SourceTitle "EXT 2018"]
[Source "ChessBase"]
[SourceDate "2017.10.13"]
[SourceVersion "1"]
[SourceVersionDate "2017.10.13"]
[SourceQuality "1"]

1. e4 d6 2. d4 Nf6 3. Bd3 e5 4. c3 Nc6 5. Nf3 g6 6. 0-0 Bg7 7. Bg5 h6 8. Bxf6 Bxf6 9. d5 Ne7 10. Bb5+ Bd7 11. Bxd7+ Qxd7 12. c4 0-0 13. Nc3 Bg7 14. Nd2 f5 15. f3 f4 16. b4 g5 17. c5 h5 18. Qa4 c6 19. cxd6 Qxd6 20. Nc4 1/2-1/2

[Event "Bad Woerishofen op 31st"]
[Site "Bad Woerishofen"]
[Date "2015.02.28"]
[Round "2"]
[White "Lotz, Ralf"]
[Black "Dahmen, Juergen"]
[Result "1-0"]
[WhiteElo "1952"]
[BlackElo "1749"]
[PlyCount "57"]
[EventDate "2015.02.27"]
[EventType "swiss"]
[EventRounds "9"]
[EventCountry "GER"]
[SourceTitle "CBM 165 Extra"]
[Source "ChessBase"]
[SourceDate "2015.04.21"]
[SourceVersion "1"]
[SourceVersionDate "2015.04.21"]
[SourceQuality "1"]

1. d4 d5 2. Nf3 Nf6 3. c4 dxc4 4. Nc3 a6 5. a4 e6 6. Bg5 Be7 7. e3 0-0 8. Bxc4 Nc6 9. 0-0 h6 10. Bh4 Bd7 11. Rc1 Na5 12. Ba2 b5 13. Bb1 Qb8 14. Qd3 Rc8 15. Bxf6 Bxf6 16. Qh7+ Kf8 17. Ne4 Ke7 18. Nxf6 gxf6 19. Qc2 bxa4 20. Qc5+ Ke8 21. Qxa5 Qb5 22. Qxb5 axb5 23. Rc5 Ke7 24. Be4 Ra7 25. Bc6 b4 26. Bxd7 Kxd7 27. Rb5 b3 28. Ra1 c6 29. Rxb3 1-0

[Event "Heusenstamm Schloss op 1st"]
[Site "Heusenstamm"]
[Date "2014.11.23"]
[Round "6"]
[White "Lotz, Ralf"]
[Black "Eichner, Christian"]
[Result "0-1"]
[WhiteElo "1895"]
[BlackElo "2058"]
[PlyCount "63"]
[EventDate "2014.11.20"]
[EventType "swiss"]
[EventRounds "7"]
[EventCountry "GER"]
[SourceTitle "CBM 163 Extra"]
[Source "ChessBase"]
[SourceDate "2014.12.23"]
[SourceVersion "1"]
[SourceVersionDate "2014.12.23"]
[SourceQuality "1"]

1. d4 Nf6 2. c4 g6 3. Nc3 d5 4. Nf3 Bg7 5. e3 0-0 6. Bd3 c5 7. cxd5 cxd4 8. Nxd4 Nxd5 9. 0-0 Nxc3 10. bxc3 a6 11. Ba3 Qc7 12. Qb3 Rd8 13. Rfd1 e5 14. Ne2 Be6 15. Qb2 Nc6 16. Bc5 b5 17. Qa3 Na5 18. Be7 Rd7 19. Be4 Nc4 20. Qc5 Rad8 21. Rxd7 Rxd7 22. Qxc7 Rxc7 23. Bh4 f5 24. Bc2 Kf7 25. a4 Bd7 26. Kf1 Bf8 27. axb5 Bxb5 28. Ke1 h6 29. Bg3 Kf6 30. h4 Nd6 31. Bd1 Ne4 32. Ra3 0-1

[Event "Heusenstamm Schloss op 1st"]
[Site "Heusenstamm"]
[Date "2014.11.21"]
[Round "3"]
[White "Werner, Dimo"]
[Black "Lotz, Ralf"]
[Result "1/2-1/2"]
[WhiteElo "2083"]
[BlackElo "1895"]
[PlyCount "69"]
[EventDate "2014.11.20"]
[EventType "swiss"]
[EventRounds "7"]
[EventCountry "GER"]
[SourceTitle "CBM 163 Extra"]
[Source "ChessBase"]
[SourceDate "2014.12.23"]
[SourceVersion "1"]
[SourceVersionDate "2014.12.23"]
[SourceQuality "1"]

1. d4 e6 2. c4 d5 3. Nc3 Nf6 4. Nf3 Be7 5. Bg5 c6 6. e3 Nbd7 7. Qc2 h6 8. Bh4 0-0 9. Bd3 dxc4 10. Bxc4 Nb6 11. Bb3 Nfd5 12. Bg3 Nxc3 13. bxc3 Nd5 14. 0-0 Qa5 15. c4 Nb4 16. Qe2 Qa3 17. c5 f6 18. Rfc1 b5 19. Rab1 Bd8 20. e4 Ba5 21. Qe3 Kh7 22. Qe2 Rd8 23. Bf4 Na6 24. Rc2 Bc7 25. Bc1 Qa5 26. Bd2 b4 27. e5 f5 28. Be3 Rb8 29. Nh4 g6 30. g3 Qb5 31. Bc4 Qb7 32. Ng2 Ba5 33. Nf4 Nc7 34. h4 Nb5 35. Bxb5 1/2-1/2

[Event "Fechenheim CC-ch 9900 1st"]
[Site "Frankfurt Fechenheim"]
[Date "2000.03.08"]
[Round "6"]
[White "Lotz, Ralf"]
[Black "Uwira, Oliver"]
[Result "0-1"]
[WhiteElo "1872"]
[BlackElo "2096"]
[PlyCount "80"]
[EventDate "1999.10.01"]
[EventType "swiss"]
[EventRounds "7"]
[EventCountry "GER"]
[SourceTitle "EXT 2010"]
[Source "ChessBase"]
[SourceDate "2010.11.25"]
[SourceVersion "1"]
[SourceVersionDate "2010.11.25"]
[SourceQuality "1"]

1. e4 c5 2. Nf3 d6 3. d4 cxd4 4. Nxd4 Nf6 5. Nc3 a6 6. Be2 e6 7. 0-0 Be7 8. Be3 0-0 9. f4 Nc6 10. Bf3 Qc7 11. Qe1 Nxd4 12. Bxd4 e5 13. Be3 Be6 14. Qg3 Kh8 15. Rad1 Nd7 16. f5 Bc4 17. Rf2 b5 18. a3 a5 19. Rfd2 b4 20. axb4 axb4 21. Nb1 Ra1 22. b3 Ba6 23. Qf2 Bb7 24. g4 Nf6 25. Qg2 Qc6 26. Bg5 Qc5+ 27. Kh1 h6 28. Bh4 Qc6 29. Re2 g5 30. Be1 Qb5 31. Qf2 Kh7 32. h4 d5 33. exd5 e4 34. hxg5 exf3 35. Rxe7 hxg5 36. Rxb7 Qxb7 37. Qd4 Qxd5 38. Qxd5 Nxd5 39. Nc3 Rxd1 40. Nxd1 Ra8 0-1

[Event "MVS-ch"]
[Site "Dietzenbach"]
[Date "1998.11.22"]
[Round "6"]
[White "Kwiatkowski, Theo"]
[Black "Lotz, Ralf"]
[Result "1/2-1/2"]
[WhiteElo "1490"]
[BlackElo "1977"]
[PlyCount "81"]
[EventDate "1998.11.??"]
[EventType "swiss"]
[EventRounds "7"]
[EventCountry "GER"]
[SourceTitle "EXT 2003"]
[Source "ChessBase"]
[SourceDate "2002.11.25"]
[SourceVersion "1"]
[SourceVersionDate "2002.11.25"]
[SourceQuality "1"]

1. e4 d6 2. d4 e6 3. Nc3 Nf6 4. Nf3 Be7 5. Bd3 Nc6 6. a3 a5 7. Bb5 0-0 8. 0-0 Na7 9. Bd3 h6 10. h3 Nd7 11. Re1 c6 12. Be3 b5 13. d5 exd5 14. exd5 c5 15. Nxb5 Nxb5 16. Bxb5 Bf6 17. Rb1 Ne5 18. Nxe5 Bxe5 19. Bxc5 Qf6 20. Be3 Bxb2 21. a4 Bc3 22. Bd2 Bd4 23. Be3 Bc3 24. Bd2 Bf5 25. Rb3 Rac8 26. Bc6 Bxd2 27. Qxd2 Qg6 28. Rc1 Rb8 29. Bb5 Rfc8 30. c4 Be4 31. Rg3 Qf6 32. Rcc3 Ra8 33. Rc1 Rc7 34. Qc3 Qxc3 35. Rgxc3 Rac8 36. f3 Bxd5 37. Bd7 Rxd7 38. cxd5 Rxc3 39. Rxc3 Kf8 40. Rc8+ Ke7 41. Ra8 1/2-1/2

[Event "MVS-ch"]
[Site "Dietzenbach"]
[Date "1998.11.22"]
[Round "7"]
[White "Lotz, Ralf"]
[Black "Mainka, Walter"]
[Result "1-0"]
[WhiteElo "1977"]
[BlackElo "1637"]
[PlyCount "97"]
[EventDate "1998.11.??"]
[EventType "swiss"]
[EventRounds "7"]
[EventCountry "GER"]
[SourceTitle "EXT 2003"]
[Source "ChessBase"]
[SourceDate "2002.11.25"]
[SourceVersion "1"]
[SourceVersionDate "2002.11.25"]
[SourceQuality "1"]

1. d4 d5 2. Nf3 e6 3. c4 c5 4. e3 Nf6 5. Nc3 a6 6. Ne5 Nc6 7. Nxc6 bxc6 8. Be2 cxd4 9. Qxd4 c5 10. Qd1 Be7 11. Bf3 Bb7 12. Qa4+ Kf8 13. 0-0 Ne4 14. Rd1 Qc7 15. Bxe4 dxe4 16. Qc2 f5 17. b3 Bf6 18. Bb2 Kf7 19. Na4 e5 20. Rd2 Rhd8 21. Rad1 Bc6 22. Nc3 Rxd2 23. Rxd2 Rd8 24. Rxd8 Qxd8 25. Qd1 Qxd1+ 26. Nxd1 Ke6 27. Kf1 g5 28. Ke2 h5 29. a3 Be7 30. Bc3 Bd6 31. Ba5 f4 32. Kd2 g4 33. Nc3 h4 34. Bd8 Be7 35. Bxe7 Kxe7 36. b4 Kd6 37. b5 Bb7 38. a4 a5 39. Na2 Kc7 40. Nc1 Kb6 41. g3 hxg3 42. hxg3 f3 43. Na2 Ba8 44. Nc3 Bb7 45. Nd5+ Ka7 46. Nf6 Bc8 47. Nxe4 Be6 48. Kc3 Kb7 49. Nxc5+ 1-0

[Event "MVS-ch"]
[Site "Dietzenbach"]
[Date "1998.11.21"]
[Round "4"]
[White "Lotz, Ralf"]
[Black "Schmitt, Michael"]
[Result "0-1"]
[WhiteElo "1977"]
[BlackElo "1978"]
[PlyCount "50"]
[EventDate "1998.11.??"]
[EventType "swiss"]
[EventRounds "7"]
[EventCountry "GER"]
[SourceTitle "EXT 2003"]
[Source "ChessBase"]
[SourceDate "2002.11.25"]
[SourceVersion "1"]
[SourceVersionDate "2002.11.25"]
[SourceQuality "1"]

1. Nf3 c5 2. e4 d6 3. d4 cxd4 4. Nxd4 Nf6 5. Nc3 e6 6. Be3 a6 7. Be2 b5 8. a3 Bb7 9. f3 Be7 10. Qd2 Nc6 11. Nxc6 Bxc6 12. 0-0-0 Rb8 13. g4 a5 14. g5 Nd7 15. h4 b4 16. axb4 axb4 17. Nb1 d5 18. exd5 Bxd5 19. c4 bxc3 20. Nxc3 Qa5 21. Bd4 Qa1+ 22. Nb1 0-0 23. Bc3 Ba3 24. Qd4 e5 25. Qxd5 Rxb2 0-1